000 00430nam a2200205Ia 4500
001 000972
003 YMCAF
005 20230512160042.0
008 100717s1971 ||||||||||||||||| ||und|d
024 _a972
035 _a954
040 _aYMCAF
_beng
_cIN-KoLT
041 _aeng
082 _aMET-GOL
100 _aGOLDIE WILLIAM
245 0 _aMET ALLIC COATING OF PLANTS
260 _c1971
300 _a228
942 _2ddc
_cBK
999 _c775
_d775